000 00428nam a22001817a 4500
003 MPLRDC
005 20220104143952.0
008 210129b ||||| |||| 00| 0 eng d
020 _a962-357-204-2
082 _a857.623 ZY-2 v.34 c.2
100 _a张宇
245 _a讨命
_c
260 _a
_b明窗出版社
_c
300 _b
490 _a述异系列
650 _a灵异小说
942 _cBK
_o857.623 ZY-2 v.34 c.2
999 _c45119
_d45109